| 000 | 00349pam a2200133 a 4500 | ||
|---|---|---|---|
| 020 |
_a978-1-85097-183-2 _c |
||
| 041 | _h | ||
| 082 |
_a617.69 _bHUG |
||
| 100 | _aHugo Burkad. | ||
| 245 |
_aEsthetics with resin composte basic and Techniques _hTextual Documents |
||
| 260 |
_aChichester _bWiley-Blackwell |
||
| 300 |
_a260: _c28.5*21.5. |
||
| 930 | _a3131 | ||
| 999 |
_c42500 _d42500 |
||